LEADER 01537nam a2200313 a 4500 001 000000172301 003 CaOOAMICUS 005 20190715123440.0 006 a 000 u 008 190715s2018 it m 001 u ita r 032 $aLibriCat 040 $aPUL$bita 100 1 $aMazzeo, Michele.$0(OLS)http://pul/name/41902 245 12$aL'éthos originario dell'opera lucana : $bdalla vita di Gesù alla comunità / $cMichele Mazzeo, OFMCapp. 260 $aRoma :$b[s.n.],$c2018. 300 $a159 p. ; $c24 cm 502 $aEstratto da Tesi di Dottorato: Pontificia Universitas Lateranensis, Academia Alfonsiana,. Institutum Superius Theologiae Moralis. 2018. 504 $aBibliografia : p.[123]-153. 630 04$aBiblia.$pN.T.$pLucas.$lLatino$xCritica e interpretazione.$0(OLS)http://pul/subject/37874 710 2 $aAccademia Alfonsiana. Istituto superiore di Teologia morale.$kTesi.$0(OLS)http://pul/name/81838 850 $aPUL 852 $aPUL$W1$xDP1 Tesi Acc. Alfonsiana$y28$m2018 B 12$j193297$qTesi$B200991$CPULBib$Z2$F200991 $82 910 $aPontificia Università Lateranense. $bAccademia Alfonsiana$981838 910 $aIstituto superiore di Teologia morale. Accademia Alfonsiana$981838 910 $aAcademia Alfonsiana. Institutum superius theologiae moralis$981838 941 1 $a16 996 $6245$aL'éthos originario dell'opera lucana : $bdalla vita di Gesù alla comunità / $9(OLS)http://pul/title/213223 996 $6260$aRoma :$b[s.n.]$9(OLS)http://pul/publisher/47958 LEADER 01722nam a2200349 i 4500 001 000000177191 003 CaOOAMICUS 005 20240906100709.0 007 tu 008 240906s2023 it 000 u ita r 020 $a978-88-514-2791-7* 040 $aPUL$bita$erda 245 00$aChiesa senza confini :$bdalle azioni e dai colori dei militari a Cristo Luce per l'umanità intera : Documenti del Magistero di mons. Santo Marcianò nei suoi dieci anni di Ordinariato Militare /$ca cura di Pierluigi Plata ; prefazione di Sergio Siddi. 264 4$c©2023. 264 1$aMilano :$bÀncora,$c[2023] 300 $a396 pagine ;$c$a24 cm 336 $atesto$btxt$2rdacontent 337 $asenza mediazione$bn$2rdamedia 338 $avolume$bnc$2rdacarrier 504 $aBibliografia in nota a piè pagina. 610 24$aOrdinariato militare.$0(OLS)http://pul/subject/37576 700 1 $aSiddi, Sergio,$eautore di introduzione.$0(OLS)http://pul/name/113923 700 1 $aPlata, Pierluigi,$ecuratore.$0(OLS)http://pul/name/83095 850 $aPUL 852 $aPUL$W1$xSL Religione 3$y85$m259 PLAPI 1$j201180$qDDC 21$B206147$CPULBib$Z2$F206147 $Hnull $82 941 1 $a9 960 $aOrdinariato castrense$937576 996 $6020$a978-88-514-2791-7*$9(OLS)http://pul/number/170006 996 $6245$aChiesa senza confini :$bdalle azioni e dai colori dei militari a Cristo Luce per l'umanità intera : Documenti del Magistero di mons. Santo Marcianò nei suoi dieci anni di Ordinariato Militare$9(OLS)http://pul/title/218704 996 $6264$aMilano :$bÀncora$9(OLS)http://pul/publisher/53070 996 $6264$a[S.l.] :$b[s.n.]$9(OLS)http://pul/publisher/0